000 00539cam a22001457a 4500
999 _c508276
_d508276
008 180718b-- xxu||||| |||| 00| 0 eng d
082 _aL906x5432 COM/1991-92
100 _aHaryana. Comptroller and Auditor General of India
_93483
245 _aReport of the Comptroller and Auditor General of India, Haryana (Commercial), 1991-92
260 _aChandigarh
_bComptroller and Auditor General of India
_c1992
300 _a163p.
500 _aLibrary has 1991/92-2003/04, 2007/08
650 _aAuditing - India - Haryana
_93484
942 _2ddc